Características de la población española deducidas del padrón municipal de habitantes... el 31 de diciembre de 1975 / (Record no. 68989)

MARC details
000 -LEADER
campo de control de longitud fija 00939nam a2200169 i 4500
001 - NÚMERO DE CONTROL
campo de control 68989
003 - IDENTIFICADOR DE NÚMERO DE CONTROL
campo de control ES-MaACL
005 - FECHA Y HORA DE LA ÚLTIMA TRANSACCIÓN
campo de control 20230906170416.0
007 - CAMPO FIJO DE DESCRIPCIÓN FÍSICA--INFORMACIÓN GENERAL
campo de control de longitud fija t|
008 - DATOS DE LONGITUD FIJA--INFORMACIÓN GENERAL
campo de control de longitud fija 040824s19771978sp ||||1| spa d
110 2# - ENTRADA PRINCIPAL--NOMBRE DE ENTIDAD CORPORATIVA
Nombre de entidad corporativa o nombre de jurisdicción como elemento de entrada Instituto Nacional de Estadística (España)
9 (RLIN) 5162
245 10 - MENCIÓN DEL TÍTULO
Título Características de la población española deducidas del padrón municipal de habitantes... el 31 de diciembre de 1975 /
Mención de responsabilidad, etc. Instituto Nacional de Estadística.
260 ## - PUBLICACIÓN, DISTRIBUCIÓN, ETC.
Lugar de publicación, distribución, etc. Madrid :
Nombre del editor, distribuidor, etc. Ministerio de Economía, Instituto Nacional de Estadística,
Fecha de publicación, distribución, etc. [1977-1978]
300 ## - DESCRIPCIÓN FÍSICA
Extensión 2 tom. en 10 v. ;
Dimensiones 29 cm.
505 8# - NOTA DE CONTENIDO CON FORMATO
Nota de contenido con formato Contiene: T. I: I. Galicia-Asturias -- II. Vascongadas y Navarra -- III. Cataluña-Aragón -- IV. Reino de León -- V. Castiila la Vieja -- VI. Castilla la Nueva-Extremadura -- VII. Reinos de Valencia y Murcia -- VIII. Andalucía -- IX. Canarias, Baleares, Ceuta y Melilla -- T. II.: Total nacional
852 ## - LOCALIZACIÓN
Ubicación ES-MaACL
Número de control de estantería A-9385-94
Sublocalización o colección R.97546
Holdings
Estatus retirado Estado de pérdida Estado de daño No para préstamo Biblioteca de origen Biblioteca actual Ubicación en estantería Fecha de adquisición Fuente de adquisición Total de préstamos Signatura topográfica completa Código de barras Visto por última vez Precio de reemplazo Tipo de ítem Koha
        Biblioteca del Ateneo de Madrid Biblioteca del Ateneo de Madrid Depósito 1 17/01/2008     A-9385-94 1072242 23/02/2023 23/02/2023 Libro impreso